Top 10 Largest Movie Companies - Statistics

General Stats
  • This quiz has been taken 120 times
  • The average score is 4 of 10
Answer Stats
Hint Answer % Correct
3 Walt Disney
94%
1 Warner Bros
62%
4 Universal
60%
6 Paramount
57%
5 20th Century Fox
47%
10 Dreamworks
45%
2 Sony Pictures
22%
8 The Weinstein Company
3%
7 Lionsgate Films
2%
9 Metro Studios
1%
No matching quizzes found
Score Distribution
Percent of People with Each Score
Percentile by Number Answered
Your Score History
You have not taken this quiz